LEADER 01109nam a2200205 i 4500 001 000000030779 003 CaOOAMICUS 005 20180830125449.0 008 180830s1848 it u000 u ita u 040 $aSeMil$bita 100 1 $aPalma, Giovanni Battista,$d.$0(OLS)http://semarc/name/14181 245 10$aPraelectiones historiae ecclesiasticae quas in Universitate Romana habuit /$cJoannes Baptista Palma. 260 $aRomae :$bTypis S. Congregationis de Propaganda Fide,$c1848. 300 $a3 v. ;$c24 cm. 650 4$aChiesa - Storia.$0(OLS)http://semarc/subject/8 774 0 $tContinens praecipua historiae ecclesiasticae capita a saeculo 1. ad 7.$gTomus1$w()234826 774 0 $tContinens praecipua historiae ecclesiasticae capita a saeculo 15. ad 16.$gTomus3$w()234827 774 0 $tContinens praecipua historia ecclesiasticae capita a saeculo 8. ad 14.$gTomus2$w()234828 996 $6245$aPraelectiones historiae ecclesiasticae quas in Universitate Romana habuit$9(OLS)http://semarc/title/41862 996 $6260$aRomae :$bTypis S. Congregationis de Propaganda Fide$9(OLS)http://semarc/publisher/35005 LEADER 01060nam a2200217 i 4500 001 000000183457 003 CaOOAMICUS 005 20091114000000.0 008 091114s1960 it u000 u eng u 013 $a161425 040 $aSeMil$bita 100 1 $aLenz, John M.$0(OLS)http://semarc/name/67528 245 10$aChrist in Dachau or Christ victorious :$bexperiences in a concentration camp, illustrated by 80 photographs /$cJohn M. Lenz. 260 $aVienna (Austria) :$b[s.n.],$c1960. 300 $aVIII, 328 p. :$bill. ;$c21 cm. 650 4$aCampi di concentramento - Guerra mondiale - 1939-1945.$0(OLS)http://semarc/subject/26306 650 4$aCampi di concentramento - Fede.$0(OLS)http://semarc/subject/34673 850 $aSeMil 852 $aSeMil$W1$xVenegono$y1$m3E III 189$j134157$B134157$CSeMilBibl$Z2$F145787 $81 996 $6245$aChrist in Dachau or Christ victorious :$bexperiences in a concentration camp, illustrated by 80 photographs$9(OLS)http://semarc/title/263307 996 $6260$aVienna (Austria) :$b[s.n.]$9(OLS)http://semarc/publisher/49721